Hinduism Review Quiz (World History I) - Statistics

General Stats
  • This quiz has been taken 611 times
    598 since last reset
  • The average score is 8 of 13
Answer Stats
Hint Answer % Correct
True or False: Many Hindus place high value on yoga, meditation and prayer. True
98%
True or False: Krishna, Shiva, Rama and Vishnu are some of the major Hindu deities. True
98%
The social class system of India is known as the ____ system. caste
87%
In the West, this term can be defined as "what goes around comes around." karma
84%
The Upanishads and _____ are the holy scriptures of the Hindus. Vedas
71%
One of the highest castes in the Caste system consists of Hindu preists known as _____. Brahmins
61%
In about 1700 BC, this group of people invaded India through the Hindu Kush. Indo-Aryans
56%
Hindus believe that one must fulfill one's _____, or duties in life. dharma
55%
____ is spiritual enlightenment (breaking-out of reincarnation cycle). moksha
53%
The people that fled south after the invasion of the Indo-Aryans are known as _____. Dravidians
45%
In the _________, Sri Krishna gives his famous battlefield sermon to Arjuna. Bhagavad-Gita
40%
The lowest caste in the Caste system consists of the majority of the population known as ____. Untouchables
40%
The period of time after the Aryans invaded India is known as the ______. Vedic Age
17%
No matching quizzes found
Score Distribution
Percent of People with Each Score
Percentile by Number Answered
Your Score History
You have not taken this quiz since the last reset